MDQL
is popping MORE tags! Check the
thread
!
Quizzes
Events
Quiz Creation
Community
Videos
Private Events
Remove Ads
Sign In
Join for FREE
Feedback
Dark Mode
Quiz Categories
Sports
Geography
Music
Movies
Television
Just For Fun
Miscellaneous
History
Literature
Language
Science
Gaming
Entertainment
Religion
Holiday
For Kids
Quiz Lab
Recent
Popular Today
Quiz Kudos Today
Editor Picks
Curator Picks
Quizzes by...
Day
Popularity
Type
Ratings
Length
Year
Community
Subscriptions
Recent Discussions
Orange Saloon
Badges
Playlists
Quests
Create
Leaderboards
Showdown
Live 5
Trivia Bingo
Activity
Puzzle Library
Sporcle Events
Private Events
Virtual Trivia
Globe League
Become a Host
Pub Owners
SporcleCon
Opinionation
Our Games
Videos
Blog
Mobile Apps
Partnerships
Remove Ads and Go Orange
Feedback
Music
Pop Music
The Beatles
Song
Album
Lyrics
Bands
Singers
Artist
Clip
Rock
Rap
Classical
Billboard
Country Music
Kpop
Taylor Swift
Music
Pop Music
The Beatles
Song
Album
Lyrics
Bands
Singers
Artist
Clip
Rock
Rap
Classical
Billboard
Country Music
Kpop
Taylor Swift
Random Quiz
Search Sporcle
×
Quiz Lab
Quiz Lab
Music
Lyrics
Type in answers that appear in a list
Type in answers that appear in a list
Classic
Best Score? Go Orange.
Deptford Goth - Feel Real Lyrics Stats
Can you name the lyrics to Deptford Goth - Feel Real?
By
Talashlea
7m
263 Questions
10 Plays
10 Plays
10 Plays
Comments
Comments
Give Quiz Kudos
Give Quiz Kudos
-
- Ratings
hide this ad
Replay
Link that replays current quiz
Next Quiz
Link to next quiz in quiz playlist
You Got
0%
They Got
Avg Score
89%
Avg Friend Score
Upgrade to see
Score Distribution
Jump to the score distribution portion of the page
Score
0/263
Timer
07:00
0
Plays Today
Lyrics
% Correct
It's
100%
where
100%
your
100%
People
100%
so
100%
wants
100%
Somebody
100%
you
100%
A
100%
come
100%
back
100%
I
100%
wanna
100%
dance
100%
her
100%
like
100%
Like
100%
watching
100%
watching
100%
when
100%
we
100%
Feel
100%
real
100%
when
100%
we
100%
when
100%
you
100%
you
100%
back
100%
When
100%
you
100%
it
100%
your
100%
when
100%
we
100%
Feel
100%
real
100%
when
100%
we
100%
it
100%
have
100%
it
100%
feel
100%
(dance)
100%
(dance)
100%
you
100%
(dance)
100%
(dance)
100%
(dance)
100%
(dance)
100%
(dance)
100%
(dance)
100%
It's
100%
where
100%
your
100%
People
100%
so
100%
Somebody
100%
wants
100%
you
100%
A
100%
come
100%
back
100%
I
100%
wanna
100%
dance
100%
like
100%
her
100%
Like
100%
watching
100%
watching
100%
it
100%
have
100%
it
100%
feel
100%
we
100%
when
100%
Feel
100%
real
100%
we
100%
when
100%
when
100%
we
100%
Feel
100%
real
100%
when
100%
we
100%
real
100%
Lyrics
% Correct
Feel
100%
when
100%
we
100%
Feel
100%
real
100%
when
100%
we
100%
Now
90%
you've
90%
got
90%
to
90%
only
90%
fell
90%
cool
90%
lover
90%
nobody's
90%
nobody's
90%
Forever
90%
nothing
90%
had
90%
nothing
90%
Now
90%
Forever
90%
nothing
90%
had
90%
nothing
90%
Even
90%
know
90%
hard
90%
comes
90%
fast
90%
can't
90%
Don't
90%
pain
90%
Been
90%
around
90%
once
90%
It'll
90%
be
90%
around
90%
again
90%
Forever
90%
nothing
90%
had
90%
nothing
90%
Now
90%
Forever
90%
nothing
90%
had
90%
nothing
90%
the
90%
took
90%
To
90%
to
90%
been
90%
live
90%
Hold
90%
yourself
90%
and
90%
Now
90%
Now
90%
you've
90%
got
90%
to
90%
Now
90%
you've
90%
got
90%
to
90%
Now
90%
you've
90%
got
90%
to
90%
Now
90%
you've
90%
got
90%
to
90%
only
90%
fell
90%
cool
90%
lover
90%
nobody's
90%
nobody's
90%
the
90%
took
90%
To
90%
to
90%
been
90%
live
90%
Lyrics
% Correct
Hold
90%
yourself
90%
and
90%
had
90%
Forever
90%
nothing
90%
nothing
90%
Now
90%
Forever
90%
nothing
90%
had
90%
nothing
90%
Forever
90%
nothing
90%
had
90%
nothing
90%
Now
90%
Forever
90%
nothing
90%
had
90%
nothing
90%
Now
90%
Forever
90%
nothing
90%
had
90%
nothing
90%
Now
90%
Forever
90%
nothing
90%
had
90%
nothing
90%
feet
80%
But
80%
take
80%
That's
80%
time
80%
things
80%
Better
80%
with
80%
without
80%
scream
80%
everything
80%
feet
80%
But
80%
That's
80%
time
80%
things
80%
Better
80%
without
80%
scream
80%
everything
80%
with
80%
breathe
70%
meant
70%
meant
70%
Hits
70%
Leaves
70%
slow
70%
swallow
70%
meant
70%
meant
70%
these
70%
than
70%
(breathe)
70%
(breathe)
70%
(breathe)
70%
(breathe)
70%
(breathe)
70%
breathe
70%
these
70%
than
70%
meant
70%
meant
70%
meant
70%
meant
70%
meant
70%
meant
70%
calm
60%
howl
60%
Finally
60%
joining
60%
underneath
60%
calm
60%
howl
60%
Finally
60%
joining
60%
underneath
60%
Quiz Playlist
Details
Report
Send in Message
Add To Playlist
Classic:
Type in answers that appear in a list
Last Updated: Jul 30, 2017
Quiz Scoreboard
CHALLENGE
Sign Up to Join the Scoreboard
Show All
Scores
Hide
Comments
May contain spoilers
Recently Published
Street Fighter Characters
by Artimus82
Gaming
60s
9x9 Crossword: Cartoon Network
by jackfrog10
Miscellaneous
3m
College Basketball Coaching Resumes
by pancakes188
Sports
9m
More to Explore
Quiz From the Vault
Featured Blog Post
Where Did the Easter Bunny Come From?
hide this ad
You Might Also Like...
Tags
Lyrics Quiz
Today's Top Quizzes in Music
Browse Music
hide this ad
Today's Top Quizzes in Lyrics
Browse Lyrics
Top Contributed Quizzes in Music
1
Taylor Swift All Songs (2024)
2
Taylor Swift Logic Puzzle
3
Guess the Artist- 70s Songs
4
7-to-1: Billboard Hot 100 #1 Hits of 2010s
5
Sorting Albums and Songs
6
KPOP LOGIC QUIZ
7
Guess the Taylor Swift song (Mystery Song)
8
Guess The Taylor Swift Lyrics Song #1
9
Billboard Blitz: ABBA
10
Billboard Blitz: The Beatles
Explore More
Trending Topics
Marvel
Crossword
Disney
Anime
Harry Potter
NBA
Kpop
The Office
NFL
Pokémon
Song
WWE
Soccer
Puzzle
Country
hide this ad
More By:
Talashlea
Quiz
Plays
Rating
Category
Featured
Created
No One's Here to Sleep lyrics
63
Music
Jul 30, 2017
Deptford Goth - Feel Real Lyrics
10
Music
Jul 30, 2017
Cut the Rope Charlotte OC lyrics
7
Music
Jan 21, 2016
Chronicles of a Fallen Love Lyrics
6
Music
Jul 30, 2017
Blindspott - Yours Truly Lyrics
5
Music
Jul 30, 2017
Go to Creator's Profile
Score Distribution
Quiz Creator Spotlight
Talashlea
Follow
Send a Message
Quizzes Created
-
Created Quiz Play Count
-
More By This Creator
Popular Quizzes Today
1
Find the US States - No Outlines Minefield
2
Find the Countries of Europe - No Outlines Minefield
3
The Countries of the World
4
Find the US States
5
Risky Map Clicking: Biggest States A-Z
6
US States
7
Popular People in 1961
8
Movies - When Are They Set?
More Music Quizzes
30 Two-Word 'R' Musicians Match-Up
Published
Trending Quizzes
Risky Map Clicking: Least Populous States A-Z
Countries of the World: 200 Million BC
Billboard Blitz: Aretha Franklin
1-10 Letter G Words
Famous Russians: Author or Composer?
Recently Updated
Leaping Animals
pecheneg
Reality TV Shows (A-Z)
bhenderson79
Rickey Henderson's Hall of Fame Teammates
pecheneg
Champions League XIs: Arsenal
pecheneg
Quick Pick: Celebrities in WWE's Hall of Fame
aduchscher
A-Z Keypad Blitz II
pecheneg
Multiple Oscar Actors
pecheneg
Mystery Phrase Blitz: Oscar 'Best Actors'
pecheneg
F. Scott Fitzgerald Novels
LTH
Pick 3 Villains
ddd62291
Trending Topics
Harry Potter
Crossword
NBA
Disney
Anime
Kpop
Marvel
Pokémon
NFL
Song
Puzzle
The Office
Country
WWE
Soccer
Your Account Isn't Verified!
In order to create a playlist on Sporcle, you need to verify the email address you used during registration. Go to your
Sporcle Settings
to finish the process.
Report this User
Report this user for behavior that violates our
Community Guidelines
.
Details:
Send Report
Go to the Sporcle.com Mobile Site →
Comments